Male TV Characters 7-to-1 Quiz Stats

 Plays Quiz Updated Jul 6, 2016

Challenge
Share
Tweet
Embed
Score 0/28 Timer 06:00
42 Plays Today
% Correct
Homer Simpson
97.3%
Ross Geller
95.8%
Joey Tribbiani
95.8%
Chandler Bing
95.8%
Sheldon Cooper
95.4%
Tyrion Lannister
94.6%
Ned Flanders
94.5%
Theon Greyjoy
94.4%
Stannis Baratheon
93.3%
Eric Cartman
93.2%
Petyr Baelish
93.2%
James T. Kirk
93.1%
Raj Koothrappali
92.8%
Kenny McCormick
92.8%
% Correct
Leonard Hofstadter
91.8%
Moe Szyslak
91.2%
Sandor Clegane
90.9%
Howard Wolowitz
90.3%
Dwight Schrute
89.8%
Michael Scott
89.8%
C. Montgomery Burns
89.7%
Kyle Broflovski
89.4%
Jorah Mormont
88.9%
Stan Marsh
88.8%
Bran Stark
88%
Seymour Skinner
87.4%
Leopold 'Butters' Stotch
83.4%
Barney Gumble
82.9%

You're not logged in!

Compare scores with friends on all Sporcle quizzes.
Join for Free
OR
Log In

You Might Also Like...

Show Comments

Extras

Top Quizzes Today


Score Distribution

Your Account Isn't Verified!

In order to create a playlist on Sporcle, you need to verify the email address you used during registration. Go to your Sporcle Settings to finish the process.

Report this User

Report this user for behavior that violates our Community Guidelines.

Details: